[Event "Paulista-ch final"]
[Site "Itapetininga"]
[Date "2009.10.02"]
[Round "1"]
[White "Van Riemsdijk, Dirk Dagobert"]
[Black "Pires, Thales Fernandes"]
[Result "1/2-1/2"]
[WhiteElo "2213"]
[BlackElo "1813"]
[PlyCount "115"]
[EventDate "2009.10.02"]
[EventType "swiss"]
[EventRounds "6"]
[EventCountry "BRA"]
[SourceTitle "CBM 132 Extra"]
[Source "ChessBase"]
[SourceDate "2009.11.03"]
[SourceVersion "1"]
[SourceVersionDate "2009.11.03"]
[SourceQuality "1"]

1. e4 c5 2. Nf3 e6 3. d4 cxd4 4. Nxd4 a6 5. Bd3 Nf6 6. Nc3 Qc7 7. Qe2 d6 8. 0-0 Be7 9. Kh1 Nbd7 10. f4 b5 11. Bd2 Bb7 12. Rae1 0-0 13. e5 Nd5 14. Qh5 g6 15. Qh6 Rfe8 16. f5 Bf8 17. Qh3 Nxe5 18. fxg6 hxg6 19. Ne4 f5 20. Ng5 Bc8 21. a4 Qg7 22. axb5 axb5 23. Bxb5 Bd7 24. Bxd7 Qxd7 25. b3 Rac8 26. c4 Nf6 27. Bc3 Nh5 28. Ndf3 Nxf3 29. Qxf3 Bh6 30. h4 Bxg5 31. hxg5 e5 32. Qd5+ Qf7 33. Qd3 Qe7 34. Kg1 Qa7+ 35. Rf2 Rcd8 36. Ra1 Qe7 37. Qd5+ Qe6 38. Qd2 Ng3 39. Re1 Rd7 40. Rf3 Nh5 41. Ref1 d5 42. cxd5 Qxd5 43. Qxd5+ Rxd5 44. g3 Red8 45. Re3 e4 46. Kf2 Rd3 47. Rfe1 Kf7 48. Rxd3 Rxd3 49. Re3 Rxe3 50. Kxe3 Nxg3 51. b4 f4+ 52. Kf2 Nf5 53. b5 Ke6 54. b6 Nd6 55. Bb4 Nb7 56. Ba3 Kf5 57. Be7 Kg4 58. Bf6 1/2-1/2